LIBRARY & INFORMATION CENTRE, KCAET, TAVANUR

ONLINE PUBLIC ACCESS CATALOGUE (OPAC)

Library , library science and librarianship / (Record no. 5430)

MARC details
000 -LEADER
fixed length control field 00521cam a2200193ua 4500
041 ## - LANGUAGE CODE
Language code of text/sound track or separate title eng
082 ## - DEWEY DECIMAL CLASSIFICATION NUMBER
Classification number 020.92
Item number BEN/LI
100 ## - MAIN ENTRY--AUTHOR NAME
Personal name Benoyendra Sengupta, .
245 ## - TITLE STATEMENT
Title Library , library science and librarianship /
250 ## - EDITION STATEMENT
Edition statement 1 /
260 ## - PUBLICATION, DISTRIBUTION, ETC. (IMPRINT)
Place of publication Culcutta :
Name of publisher World press pvt ltd ,
Year of publication 1981.
300 ## - PHYSICAL DESCRIPTION
Number of Pages 256 ; .
700 1# - ADDED ENTRY--PERSONAL NAME
Personal name Bhubaneswar chakravarth, .
942 ## - ADDED ENTRY ELEMENTS (KOHA)
Koha item type Books
Holdings
Withdrawn status Lost status Damaged status Home library Current library Date acquired Full call number Accession Number Koha item type
      KAUAET   09/03/1987 020.92 16020 Books
free website counter